| 000 | 00797nam a22002297a 4500 | ||
|---|---|---|---|
| 999 |
_c20480 _d20480 |
||
| 003 | AR-CdUCM | ||
| 008 | 190226b ||||| |||| 00| 0 spa d | ||
| 020 | _a9972605 | ||
| 040 |
_aMUNICIPALIDAD PROVINCIAL DEL CUSCO _cBIBLIOTECA MUNICIPAL DEL CUSCO |
||
| 082 |
_a343.81 / _bS25 |
||
| 100 |
_aSanta Maria Calderón, Luis _95269 |
||
| 245 |
_aMunicipalidades : _bLegislación y jurisprudencia / |
||
| 260 |
_aTrujillo : _bNormas Legales , _c1989. |
||
| 300 |
_a905 páginas ; _c27 cm. |
||
| 505 | _aContenido : Normas legales -- Elecciones municipales -- Ley orgánica de municipalidades... | ||
| 650 |
_aLegislación. _92962 |
||
| 650 |
_aJurisprudencia. _9927 |
||
| 650 |
_aLeyes peruanas. _95270 |
||
| 650 |
_aLey orgánica de municipalidades _942820 |
||
| 942 |
_2ddc _cLIBROS |
||
| 945 | _arcc | ||